|
|
|
|
| LEADER |
01204nam a22002777a 4500 |
| 001 |
43606 |
| 003 |
BD-DhAAL |
| 005 |
20241028142550.0 |
| 008 |
241023t2019 bg ||||| |||| 00| 0 ben d |
| 020 |
|
|
|a 97898443
|
| 082 |
|
|
|a 158.1
|2 22
|
| 100 |
|
|
|a রহমান, মো. আলমাসুর.
|9 57041
|
| 245 |
|
|
|a আনফোল্ড ইউর পটেনশিয়াল /
|c মো. আলমাসুর রহমান, জাহাঙ্গীর আলম শোভন.
|
| 246 |
|
|
|a Unfold Your Potential
|
| 260 |
|
|
|a ঢাকা :
|b ছায়াবীথি,
|c ২০১৯.
|
| 300 |
|
|
|a ৯৬ পৃষ্ঠা ;
|c ২২ সে.মি.
|
| 541 |
|
|
|a Savar campus library
|e 43606
|
| 650 |
|
|
|a Success.
|9 57055
|
| 650 |
|
|
|a Happiness.
|
| 650 |
|
|
|a Self-actualization (Psychology).
|
| 650 |
|
|
|a Creative thinking.
|
| 650 |
|
|
|a Conduct of life.
|
| 700 |
|
|
|a শোভন, জাহাঙ্গীর আলম.
|9 57042
|
| 942 |
|
|
|2 ddc
|c BK
|
| 999 |
|
|
|c 47053
|d 47053
|
| 952 |
|
|
|0 0
|1 0
|2 ddc
|4 0
|6 158_100000000000000_RAH
|7 0
|9 76744
|a SCL
|b SCL
|c GEN
|d 2024-10-23
|e Savar Campus Library
|g 200.00
|l 1
|m 4
|o 158.1 RAH
|p 3020043606
|r 2025-12-19
|s 2025-11-15
|t 1
|w 2024-10-23
|y BK
|x Price available in register.
|